000 00419nab a2200145Ia 4500
003 ES-SlBCS
005 20210601135701.0
008 140529s1995 xxu||||| |||| 00| 0 spa d
041 _aspa
100 1 _aTomka, Miklós
_967250
245 0 0 _aSecularización y nacionalismo
_c Miklós Tomka
650 0 4 _aNacionalismo-Secularización
_9235311
773 0 _tConcilium
_gnº. 262, 1995, págs. 967-979
_wRev134
942 _cAR
999 _c632240
_d632240